Medicine before the plague : practitioners and their patients in the crown of Aragon, 1285-1345 /

Bibliographic Details
Main Author: McVaugh, M. R. (Michael Rogers), 1938-
Format: Book
Language:English
Published: Cambridge [England] ; New York, NY USA : Cambridge University Press, 1993.
Series:Cambridge history of medicine.
Subjects:

MARC

Tag First Indicator Second Indicator Subfields
LEADER 00000cam a2200000 a 4500
001 in00001164310
005 20151001075411.0
008 920630s1993 enkb b 001 0 eng c
010 |a  92049626  
015 |a GB93-45511 
019 |a 28376155 
020 |a 0521412358 (hardback) 
035 |a (OCoLC)26161961 
035 |9 AGF0857AM 
040 |a DNLM/DLC  |c DLC  |d NLM  |d NOH  |d UKM  |d TXA  |d UtOrBLW 
043 |a e-sp--- 
049 |a TXAM 
050 0 0 |a R557.A7  |b M38 1993 
060 0 0 |a WZ 70  |b GS6 M4m 1993 (P) 
082 0 0 |a 610/.946/5509023  |2 20 
100 1 |a McVaugh, M. R.  |q (Michael Rogers),  |d 1938- 
245 1 0 |a Medicine before the plague :  |b practitioners and their patients in the crown of Aragon, 1285-1345 /  |c Michael R. McVaugh. 
264 1 |a Cambridge [England] ;  |a New York, NY USA :  |b Cambridge University Press,  |c 1993. 
300 |a xvi, 280 pages :  |b map ;  |c 24 cm. 
336 |a text  |b txt  |2 rdacontent 
337 |a unmediated  |b n  |2 rdamedia 
338 |a volume  |b nc  |2 rdacarrier 
490 1 |a Cambridge history of medicine 
504 |a Includes bibliographical references (pages 248-265) and index. 
650 0 |a Medical care  |z Spain  |z Aragon  |x History. 
650 0 |a Social medicine  |z Spain  |z Aragon  |x History. 
650 0 |a Medicine, Medieval  |z Spain  |z Aragon. 
650 2 |a History, Medieval  |z Spain. 
650 2 |a Physician-Patient Relations. 
830 0 |a Cambridge history of medicine. 
999 |a MARS 
999 f f |s a23a0ba9-52ed-309b-b509-fc617b2a2133  |i 3922e1ff-569d-3f68-987c-d31f483c4cf0  |t 0 
952 f f |p normal  |a Texas A&M University  |b College Station  |c Sterling C. Evans Library  |d Evans: Library Stacks  |t 0  |e R557.A7 M38 1993  |h Library of Congress classification  |i unmediated -- volume  |m A14818914105 
998 f f |a R557.A7 M38 1993  |t 0  |l Evans: Library Stacks